000 00428nam a2200181Ia 4500
001 426
005 20260306140517.0
008 260306t1998||||xx |||||||||||||| ||spa||
041 _aESP
082 _a112.092
_bD79
100 _aDiógenes Laercio
_eAUT
245 0 _aVidas de los filósofos más ilustres
260 _c1998
300 _a375 páginas :
_c22 cm.
650 _aGEN
654 _aCHU
942 _cLIB
_dJUS
_fJUS
_2ddc
_n
999 _c426
_d426